000 02324nam a2200217 i 4500
001 120808
003 ES-MaACL
005 20230906191627.0
007 t|
008 070214m19401942ag af |||| | spa d
100 1 _aPrampolini, Giacomo.
_993651
245 1 0 _aHistoria universal de la literatura :
_bversión en español /
_cGiacomo Prampolini ; director José Pijoán ; traductor Dante Ponzanelli y Julio Jiménez Rueda.
260 _aBuenos Aires :
_bUteha Argentina,
_c1940-1942.
300 _a13 v., 93 lám. :
_bil. ;
_c26 cm +
_e1 plano pleg.
505 8 _aContiene: I: Literaturas china, japonesa, india y árabe - II: Literaturas persa, turca, egipcia, babilónico-asiria y griega - III: Literaturas romana, cristiana y bizantina, latinamedieval (hasta los siglos IX-X) - IV: Literaturas latina medieval (conclusión), hebraíca medieval y célticas - V: Literaturas germánica primitiva, anglosajona, alemana, islandesa, romances, e italiana en los siglos XIV-XVI - VI: Literaturas italiana en los siglos XIV-XVII (cont.), germánica inglesa e ibérica - VII: Literaturas ibérica y francesa hasta fin de siglo XVI; España Francia e Inglaterra (siglo XVII) - VIII: Literatura de Holanda (siglo XVII); El setecientos en Francia e Inglaterra; Alemania hasta Schiller y Goethe; Francia (siglo XIX), hasta la guerra europea - IX: El siglo XIX: las literaturas de Francia, Alemania e Italia hasta la guerra europea (continuación): las literaturas anglosajonas y nórdicas - X: Inglaterra (continuación), Estados Unidos, Holanda, Frisia, Transvaal y Flandes, Dinamarca, Suecia y Finlandia sueca, Islandia y Noruega - XI: Ibéricas: castellana, catalana, gallega, portuguesa, ibero-americanas: México-Cuba - XII: Literaturas ibero-americanas (cont.): Cuba, Santo Domingo, Puerto Rico, Guatemala, Nicaragua, Honduras, El Salvador, Costa Rica, Panamá, Venezuela, Colombia, Ecuador, Perú, Bolivia, Paraguay, Brasil, Chile, Uruguay, Argentina - XIII: Las literaturas eslavas; Las otras literaturas de Europa oriental; Las literaturas de Francia, Inglaterra, Alemania e Italia, desde 1915 en adelante
650 _aLiteratura-
_xHistoria y crítica.
_914489
700 1 _aPijoán, José.
_992010
700 1 _aPonzanelli, Dante.
_993071
700 1 _aJiménez Rueda, Julio.
_966606
852 _aES-MaACL
_jC-8677-89
999 _c120808
_d120808